Культурология: учебное пособие

Bibliographische Detailangaben
1. Verfasser: Кравченко А. И. Альберт Иванович
Körperschaft: Московский государственный университет им. М. В. Ломоносова
Zusammenfassung:В учебнике рассматриваются предмет, метод и функции культуры, основные школы культурологии, освещаются проблемы структуры и динамики культуры, межкультурного общения, развития и формирования субкультур, виды и формы культуры (народная, массовая, элитарная). Отдельный раздел посвящен изложению истории мировой культуры с древности до наших дней. Для специалистов в области культурологии, преподавателей и студентов непрофильных вузов.
Sprache:Russisch
Veröffentlicht: Москва, Академический проект, 2009
Ausgabe:9 изд.
Schriftenreihe:Gaudeamus
Учебное пособие для вузов
Schlagworte:
Format: MixedMaterials Buch
KOHA link:https://koha.lib.tpu.ru/cgi-bin/koha/opac-detail.pl?biblionumber=144800

MARC

LEADER 00000nam0a2200000 4500
001 144800
005 20231101221122.0
010 |a 9785829111069 
010 |a 978-5-98426-084-8 
035 |a (RuTPU)RU\TPU\book\156937 
035 |a RU\TPU\book\87404 
035 |a RU\TPU\book\120750 
090 |a 144800 
100 |a 20050919d2009 m y0rusy50 ca 
101 0 |a rus 
102 |a RU 
105 |a a j 000zy 
200 1 |a Культурология   |e учебное пособие  |f А. И. Кравченко  |g Московский государственный университет им. М. В. Ломоносова  |f А. И. Кравченко  |g Московский государственный университет им. М. В. Ломоносова 
205 |a 9 изд. 
210 |a Москва  |c Академический проект  |c Гаудеамус  |d 2009 
215 |a 496 с.  |c ил. 
225 1 |a Gaudeamus 
225 1 |a Учебное пособие для вузов 
330 |a В учебнике рассматриваются предмет, метод и функции культуры, основные школы культурологии, освещаются проблемы структуры и динамики культуры, межкультурного общения, развития и формирования субкультур, виды и формы культуры (народная, массовая, элитарная). Отдельный раздел посвящен изложению истории мировой культуры с древности до наших дней. Для специалистов в области культурологии, преподавателей и студентов непрофильных вузов. 
451 1 |0 (RuTPU)RU\TPU\book\120750  |y 5-8291-0777-5  |t Культурология   |o учебное пособие  |f А. И. Кравченко  |g Московский государственный университет им. М. В. Ломоносова  |e 7-е изд.  |c М.  |n Академический проект  |n Трикста  |d 2007  |p 496 с.  |s Gaudeamus  |a Кравченко, Альберт Иванович 
451 |y 5-902358-94-9 
606 1 |a Культурология  |2 stltpush  |3 (RuTPU)RU\TPU\subj\67420  |9 83233 
610 1 |a культура 
610 1 |a типология 
610 1 |a история 
610 1 |a цивилизации 
610 1 |a первобытная культура 
610 1 |a Древний мир 
610 1 |a Древний Восток 
610 1 |a Древний Египет 
610 1 |a античная культура 
610 1 |a Китай 
610 1 |a Индия 
610 1 |a европейская культура 
610 1 |a Россия 
610 1 |a Киевская Русь 
610 1 |a Московское государство 
610 1 |a Просвещение 
610 1 |a русская культура 
610 1 |a Серебряный век 
610 1 |a русское зарубежье 
610 1 |a учебники 
686 |a Ч111я73  |v LBC/SL-A  |2 rubbk 
700 1 |a Кравченко  |b А. И.  |g Альберт Иванович 
712 0 2 |a Московский государственный университет им. М. В. Ломоносова  |2 stltpush  |3 (RuTPU)RU\TPU\col\7 
801 1 |a RU  |b 63413507  |c 20081008  |g PSBO 
801 2 |a RU  |b 63413507  |c 20170330  |g PSBO 
900 |a Культурология 
942 |c BK 
951 |b 040200  |b 040201  |b 040102 
959 |a 88/20081006  |d 2  |e 160,00  |f АНЛ:1  |f ЧЗГЛ:1